banner-ar

الكيمياء: مادة و معنى / (Record no. 45249)

MARC details
000 -الفاتح
حقل البيانات ثابتة الطول 00613nam a2200193Ia 4500
008 - عناصر البيانات ثابتة الطول - معلومات عامة
حقل البيانات ثابتة الطول 140319s9999 xx 000 0 ara d
040 ## - مصدر الفهرسة
وكالة الفهرسة الأصلية GCL /
وكالة النسخ GCL
082 04 - رقم تصنيف ديوى العشرى
رقم التصنيف 540
رقم المادة ل ك
100 1# - المدخل الرئيسى - إسم شخصى
الإسم الشخصى حسن عابدين (مترجم)
245 10 - بيان العنوان
العنوان الكيمياء: مادة و معنى /
بيان المسئوليه,etc حسن عابدين (مترجم)
700 1# - المدخل الاضافى - اسم شخصى
الإسم الشخصى لسنج، لورنس ب
700 1# - المدخل الاضافى - اسم شخصى
الإسم الشخصى حسن عبد العزيز مرسى (مراجع)
650 04 - المدخل الاضافى بالموضوع-مصطلح موضوعى
مصطلح موضوعي الكيمياء
650 04 - المدخل الاضافى بالموضوع-مصطلح موضوعى
مصطلح موضوعي النشاط الاشعاعى
650 04 - المدخل الاضافى بالموضوع-مصطلح موضوعى
مصطلح موضوعي الكيمياء - خصائص
650 04 - المدخل الاضافى بالموضوع-مصطلح موضوعى
مصطلح موضوعي كمياء الارض
942 ## - عناصر المدخل الإضافي( كوها)
مصدر التصنيف او مخطط الترفيف Dewey Decimal Classification
Koha [default] item type كتاب
Holdings
حالة التراجع حالة الفقد حالة تلف ليس للاعارة المكان المؤقت الموقع الحالى تاريخ الاكتساب اجمالي اﻻعارات رقم الطلب الباركود تاريخ اخر مشاهدة تاريخ تفعيل السعر نوع وعاء كوها
        مكتبة القاهرة الكبرى مكتبة القاهرة الكبرى 03/26/2014   540\ل ك 110393 03/26/2014 03/26/2014 كتاب

Powered By

EGPV